000 00433nam a22001697a 4500
003 LK-CoMWRAF
005 20231121143737.0
008 231121b |||||||| |||| 00| 0 eng d
040 _aLK-CoMWRAF
_dLK-CoMWRAF
_eLK-CoMWRAF
041 _aeng
082 _a821
_bGUP
100 _aGupta, S. P. Sen
245 _aP. B. Shelley's :
_bA Defence of poetry
260 _aBareilly :
_bPrakash books,
_c1992
650 _aPoetry
942 _cBK
999 _c4199
_d4199